[Event "HUN-chT2 Breyer 0809"]
[Site "Hungary"]
[Date "2009.01.25"]
[Round "6"]
[White "Dekany, Lajos"]
[Black "Villanyi, Laszlo"]
[Result "1-0"]
[WhiteElo "2069"]
[BlackElo "1948"]
[PlyCount "119"]
[EventDate "2008.10.26"]
[EventType "team-tourn"]
[EventRounds "11"]
[EventCountry "HUN"]
[SourceTitle "EXT 2010"]
[Source "ChessBase"]
[SourceDate "2010.11.25"]
[SourceVersion "1"]
[SourceVersionDate "2010.11.25"]
[SourceQuality "1"]
[WhiteTeam "Kisber Aszar"]
[BlackTeam "Gyor Komszomol"]
[WhiteTeamCountry "HUN"]
[BlackTeamCountry "HUN"]

1. d4 Nf6 2. c4 g6 3. Nc3 d5 4. cxd5 Nxd5 5. e4 Nxc3 6. bxc3 Bg7 7. Bc4 0-0 8. Ne2 Nd7 9. 0-0 c6 10. a4 e5 11. Ba3 c5 12. dxc5 Nf6 13. Qc2 Qc7 14. Ng3 Re8 15. Rfd1 Be6 16. Bb5 Red8 17. f3 a6 18. Bf1 Bf8 19. Qf2 Rxd1 20. Rxd1 Rc8 21. Rb1 Nd7 22. h4 Nxc5 23. Kh2 Nxa4 24. Bxf8 Nxc3 25. Rc1 Kxf8 26. Ne2 Qa5 27. Qe1 b5 28. Nxc3 b4 29. Ra1 Qd8 30. Nd5 a5 31. Rd1 Kg7 32. Nxb4 Qxd1 33. Qxd1 axb4 34. Qd6 b3 35. Qxe5+ Kg8 36. f4 Rc2 37. Bd3 Bc4 38. Bxc4 Rxc4 39. Qb8+ Kg7 40. Qxb3 Rxe4 41. Qb2+ Kg8 42. g4 h6 43. Kg3 Re3+ 44. Kf2 Re8 45. Kf3 Re7 46. f5 Re8 47. Qf6 Rf8 48. h5 gxf5 49. gxf5 Kh7 50. Qe7 Rg8 51. Qxf7+ Kh8 52. f6 Rg3+ 53. Ke4 Re3+ 54. Kd5 Rd3+ 55. Ke6 Re3+ 56. Kd7 Rd3+ 57. Ke7 Rd7+ 58. Kf8 Rd8+ 59. Qe8 Rd7 60. f7 1-0